| 000 | 01483nam2a2200265 4500 | ||
|---|---|---|---|
| 001 | RU\NLR\bibl\1408646 | ||
| 005 | 20250615210604.0 | ||
| 010 |
_a978-5-98382-010-9 _9250 |
||
| 021 |
_aRU _b2009-49381 _93031 |
||
| 035 | _a(NLR Aleph) 001400638 | ||
| 090 |
_a1220174 _c1220174 |
||
| 100 | _a20090907d2008 |||y0rusy50 ca | ||
| 101 | 0 | _arus | |
| 102 | _aRU | ||
| 105 | _ay ||||||||| | ||
| 200 | 1 |
_aРемонт _aРеставрация _aТехническое обслуживание оборудования |
|
| 215 | _a641 с. | ||
| 300 | _aЗагл. корешка: РСС-2009. Ремонт. Реставрация. Техническое обслуживание оборудования | ||
| 461 | 0 |
_1001RU\NLR\bibl\1410200 _12001#$aРСС-2009. Региональный справочник стоимости$v[Т. 2] _91229424 _cМосква _d2008 (обл. 2009) _nНПФ "Центр региональных технологий в строительстве" _oв печатном и электронном виде для Москвы, в электронном виде для 84 регионов России : [в 2 т.] _tРСС-2009. Региональный справочник стоимости _v[Т. 2] |
|
| 516 | 0 | _aРСС-2009. Ремонт. Реставрация. Техническое обслуживание оборудования | |
| 801 | 0 |
_aRU _bNLR _c20090907 _gRCR |
|
| 801 | 1 |
_aRU _bNLR _c20090907 |
|
| 942 | _cBOOK | ||
| 980 | _aNB | ||